01014nam a2200289Ia 4500003000400000005001700004008004100021020001500062040001800077041000800095082002000103100002700123245005500150250001200205260004200217300002400259650004500283650004200328650004400370650003000414650004300444650003000487650003400517942002700551999001900578952012700597OSt20250104094703.0210716s1995 xx 000 0 und d a8170295467 cAIMIT LIBRARY aeng a005.7401 bBAYI aBayross, Ivan.9191907 aOracle 7 :bcomplete reference /cBy Ivan Bayross. a1st ed. aNew Delhi :bBPB Publications ,c1995 a399 p.;cHBb24 cm. aUsing pl/sql blocks in sql forms9191908 aWorking with sql reportwriter9192054 aStored Procedures and functions9192055 aDatabase triggers9192056 aStored procedures and function9191909 aDatabase Triggers9191910 aReports using RPI RPS9191911 2ddccBKk005.7401 BAYI c183091d183091 001040708MCAaAIMITbAIMITd2021-07-16g180.00l0o005.7401 BAYIpMCA02599r2025-07-21 00:00:00v180.00w2021-07-16yBK